| 000 | 00593 a2200169 4500 | ||
|---|---|---|---|
| 020 | _a9788121922470 | ||
| 022 | _a9788121922470 | ||
| 082 | _a519.2076 | ||
| 090 |
_c1708 _d1708 |
||
| 100 | _aKandasamy, P. | ||
| 245 |
_aProbability, Random Variables and Random Processes _b(For B.E/B.Tech.) _cP. Kandasamy, K. Thilagavathi and K. Gunavathi |
||
| 250 | _a1st | ||
| 260 |
_aNew Delhi _bS. Chand _c2003 |
||
| 300 | _axii, 509+4 | ||
| 942 |
_aSNS _cBK _k519.2076 KAN |
||
| 999 |
_c30316 _d30316 |
||